Municipios de madrid sur(este) - Estadísticas

Estadísticas generales
  • Esta prueba ha sido intentada 24 veces
  • La puntuación promedio es 18 de 43
Respuestas en el mapa
Las respuestas están codificadas por una escala verde-roja en el mapa de la prueba según el % correcto abajo.
 
Estadísticas de respuestas
Municipio % Correcto
Getafe
95%
Aranjuez
90%
Leganés
90%
Pinto
90%
Fuenlabrada
86%
Móstoles
86%
Parla
86%
Valdemoro
86%
Alcorcón
76%
Navalcarnero
76%
Humanes de Madrid
62%
Villaconejos
57%
Arroyomolinos
48%
Chinchón
48%
Ciempozuelos
48%
Colmenar de oreja
48%
San Martín de la Vega
48%
Arganda del Rey
38%
Griñón
38%
Torrejón de la Calzada
38%
Villaviciosa de Odón
38%
Cenicientos
33%
Moraleja de Enmedio
33%
Titulcia
29%
Torrejón de Velasco
29%
Batres
24%
Casarrubuelos
24%
Cubas de la Sagra
24%
El Álamo
24%
Pelayos de la Presa
24%
San Martín de Valdeiglesias
24%
Villa del Prado
24%
Aldea del Fresno
19%
Cadalso de los Vidrios
19%
Sevilla la Nueva
19%
Morata de Tajuña
14%
Perales de Tajuña
14%
Serranillos del Valle
14%
Villamanta
14%
Villamantilla
14%
Navas del Rey
10%
Rozas de Puerto Real
10%
Valdelaguna
5%
No se encontraron pruebas coincidentes
Distribución de puntuación
Porcentaje de gente con cada puntuación
Porcentaje por número respondido
Historial de tus puntuaciones
No has intentado esta prueba.